Rozpoznaj miasto po tablicy rejestracyjnej woj.śląskie - Statystyki

Ogólne statystyki
  • Ten quiz został rozwiązany 425 razy
  • Średni wynik to 19 z 37
Statystyki odpowiedzi
Rejestracja Miasto / powiat Odpowiedź % Poprawnych
SK Miasto Katowice
90%
SG Miasto Gliwice
83%
SB Miasto Bielsko-Biała
82%
SC Miasto Częstochowa
78%
SD Miasto Dąbrowa Górnicza
75%
SH Miasto Chorzów
74%
SJZ Miasto Jastrzębie-Zdrój
74%
SO Miasto Sosnowiec
72%
SJ Miasto Jaworzno
69%
SZ Miasto Zabrze
69%
SM Miasto Mysłowice
67%
SR Miasto Rybnik
65%
SY Miasto Bytom
64%
ST Miasto Tychy
63%
SGL powiat gliwicki
60%
SCZ powiat częstochowski
59%
SBI powiat bielski
54%
SCI powiat cieszyński
54%
SBE powiat będziński
53%
SPI Miasto Piekary Śląskie
53%
SZO Miasto Żory
49%
SPS powiat pszczyński
43%
SRB powiat rybnicki
42%
SI Miasto Siemianowice Śląskie
42%
SRC powiat raciborski
40%
SMI powiat mikołowski
39%
SZY powiat żywiecki
39%
SWD powiat wodzisławski
38%
SLU powiat lubliniecki
34%
SMY powiat myszkowski
34%
SL Miasto Ruda Śląska
34%
STA powiat tarnogórski
31%
SZA powiat zawierciański
31%
SKL powiat kłobucki
26%
SBL powiat bieruńsko-lędziński
25%
SW Miasto Świętochłowice
25%
SWZ powiat wodzisławski
16%
Nie znaleziono quizów pasujących do podanych kryteriów
Rozkład punktacji
Procent ludzi z każdym wynikiem
Percentyl według liczby udzielonych odpowiedzi
Twoja historia wyników
Nie rozwiązałeś tego quizu